[Event "EOC-ch-Final 2021"]
[Site "Online"]
[Date "2021.03.30"]
[Round "5.8"]
[White "Skripchenko, Almira"]
[Black "Kollars, Dmitrij"]
[Result "1/2-1/2"]
[WhiteElo "2418"]
[BlackElo "2598"]
[PlyCount "72"]
[EventDate "2021.03.30"]
[EventType "team-tourn"]
[EventCountry "NET"]
[SourceTitle "playchess.com"]
[Source "ChessBase"]
[SourceQuality "1"]

1. e4 e5 2. Nf3 Nc6 3. Nc3 Nf6 4. d4 exd4 5. Nxd4 Bb4 6. Nxc6 bxc6 7. Bd3 O-O
8. O-O d5 9. exd5 cxd5 10. h3 c6 11. Qf3 Re8 12. Bg5 h6 13. Bxf6 Qxf6 14. Qxf6
gxf6 15. Ne2 Bd7 16. Rad1 Rab8 17. b3 Re5 18. c4 a5 19. Nd4 Bc5 20. Nf3 Re7 21.
Rfe1 Rxe1+ 22. Rxe1 Be6 23. cxd5 cxd5 24. Rc1 Bb6 25. Kf1 Kf8 26. Nh4 Ke7 27.
Nf5+ Bxf5 28. Bxf5 Kd6 29. Rc8 Rxc8 30. Bxc8 Ke5 31. Ke2 f5 32. Bb7 f4 33. Ba8
Bc5 34. Bb7 Bb6 35. Ba8 Bc5 36. Bb7 Bb6 1/2-1/2

[Event "EOC-ch-Final 2021"]
[Site "Online"]
[Date "2021.03.30"]
[Round "5.9"]
[White "Grandelius, Nils"]
[Black "Van Foreest, Jorden"]
[Result "0-1"]
[WhiteElo "2663"]
[BlackElo "2671"]
[PlyCount "66"]
[EventDate "2021.03.30"]
[EventType "team-tourn"]
[EventCountry "NET"]
[SourceTitle "playchess.com"]
[Source "ChessBase"]
[SourceQuality "1"]

1. e4 c6 2. d4 d5 3. exd5 cxd5 4. Bd3 Nc6 5. c3 Nf6 6. h3 g6 7. Nf3 Bf5 8. O-O
Bxd3 9. Qxd3 Bg7 10. Bf4 O-O 11. Nbd2 e6 12. Rfe1 Re8 13. a4 Rc8 14. Qb5 Re7
15. a5 a6 16. Qa4 Re8 17. Re2 Bf8 18. Ne1 Bd6 19. Bxd6 Qxd6 20. Nd3 Qc7 21. Re3
Kg7 22. Qa3 h5 23. Nb3 Ne4 24. Nbc5 Nd6 25. b3 Nb5 26. Qb2 Nxa5 27. Ne5 Nc6 28.
c4 Nd6 29. cxd5 exd5 30. Rf3 Nf5 31. g4 Ncxd4 32. Ned3 Re2 33. Qc3 Rc2 0-1

[Event "EOC-ch-Final 2021"]
[Site "Online"]
[Date "2021.03.30"]
[Round "5.10"]
[White "Maghsoodloo, Parham"]
[Black "Svane, Rasmus"]
[Result "0-1"]
[WhiteElo "2676"]
[BlackElo "2613"]
[PlyCount "104"]
[EventDate "2021.03.30"]
[EventType "team-tourn"]
[EventCountry "NET"]
[SourceTitle "playchess.com"]
[Source "ChessBase"]
[SourceQuality "1"]

1. Nf3 d5 2. g3 Nf6 3. Bg2 e6 4. O-O Be7 5. d4 O-O 6. c4 dxc4 7. Qc2 a6 8. a4
Bd7 9. Rd1 Bc6 10. Bg5 b5 11. Nbd2 h6 12. Bxf6 Bxf6 13. b3 cxb3 14. Nxb3 bxa4
15. Nc5 a5 16. e4 Ra7 17. Rab1 Ba8 18. Qxa4 Be7 19. Qc4 Nd7 20. Nxd7 Qxd7 21.
Ne5 Qd6 22. Qa4 Rd8 23. Nc4 Qa6 24. d5 exd5 25. exd5 Bb4 26. Qa2 Bd6 27. Qa4
Bb4 28. Qa2 Bc5 29. Qa4 Bb7 30. h4 Bb4 31. Qa2 Raa8 32. Ne5 Qd6 33. Nc4 Qf6 34.
Rb3 Ba6 35. Rf3 Qe7 36. Ne3 Bc5 37. Nf5 Qe2 38. Qa1 Bf8 39. d6 cxd6 40. Re1 Qd2
41. Rf4 Rac8 42. Kh2 Qc3 43. Qd1 g6 44. Re3 Qc2 45. Qg4 Rc4 46. Be4 Rxe4 47.
Rexe4 Bc8 48. Ne7+ Bxe7 49. Qf3 Be6 50. h5 g5 51. Rf6 Bxf6 52. Qxf6 Qxe4 0-1

[Event "EOC-ch-Final 2021"]
[Site "Online"]
[Date "2021.03.30"]
[Round "5.11"]
[White "Engel, Luis"]
[Black "Amin, Bassem"]
[Result "1-0"]
[WhiteElo "2553"]
[BlackElo "2695"]
[PlyCount "53"]
[EventDate "2021.03.30"]
[EventType "team-tourn"]
[EventCountry "NET"]
[SourceTitle "playchess.com"]
[Source "ChessBase"]
[SourceQuality "1"]

1. e4 e5 2. Nf3 Nc6 3. Bb5 a6 4. Ba4 Nf6 5. d3 d6 6. c3 g6 7. O-O Bg7 8. Re1
O-O 9. Nbd2 Re8 10. Nf1 b5 11. Bc2 h6 12. Ng3 d5 13. exd5 Nxd5 14. Bd2 f5 15.
a4 Bb7 16. Qc1 Kh7 17. h4 Qd7 18. h5 g5 19. axb5 axb5 20. Rxa8 Bxa8 21. d4 e4
22. Bxg5 hxg5 23. Nxf5 Bf6 24. Nxg5+ Kg8 25. Nxe4 Bd8 26. Nc5 Rxe1+ 27. Qxe1
1-0

[Event "EOC-ch-Final 2021"]
[Site "Online"]
[Date "2021.03.30"]
[Round "5.12"]
[White "Van Wely, Loek"]
[Black "Heinemann, Thies"]
[Result "1/2-1/2"]
[WhiteElo "2620"]
[BlackElo "2502"]
[PlyCount "81"]
[EventDate "2021.03.30"]
[EventType "team-tourn"]
[EventCountry "NET"]
[SourceTitle "playchess.com"]
[Source "ChessBase"]
[SourceQuality "1"]

1. Nf3 c5 2. c4 Nc6 3. d4 cxd4 4. Nxd4 Qb6 5. Nb3 e6 6. Nc3 Nf6 7. e4 Bb4 8.
Bd3 O-O 9. O-O Bxc3 10. bxc3 d6 11. Ba3 Rd8 12. Rb1 Qc7 13. Nd4 a6 14. Nxc6
bxc6 15. Qb3 Nd7 16. Be2 Rb8 17. Qc2 Rxb1 18. Rxb1 Bb7 19. Rd1 c5 20. f4 Nf6
21. e5 dxe5 22. Rxd8+ Qxd8 23. fxe5 Nd7 24. Qd2 Qc7 25. Qd6 Qc6 26. Qxc6 Bxc6
27. Kf2 Kf8 28. g4 h6 29. h4 Ke7 30. g5 hxg5 31. hxg5 g6 32. Ke3 Kd8 33. Kf4
Kc7 34. Bd1 Kb6 35. Bc1 Ka5 36. Be3 Kb6 37. Bc2 Nb8 38. Bf2 Nd7 39. Be3 Nb8 40.
Bf2 Nd7 41. Be3 1/2-1/2

[Event "EOC-ch-Final 2021"]
[Site "Online"]
[Date "2021.03.30"]
[Round "5.13"]
[White "Artemiev, Vladislav"]
[Black "Guseinov, Gadir"]
[Result "1-0"]
[WhiteElo "2709"]
[BlackElo "2665"]
[PlyCount "65"]
[EventDate "2021.03.30"]
[EventType "team-tourn"]
[EventCountry "NET"]
[SourceTitle "playchess.com"]
[Source "ChessBase"]
[SourceQuality "1"]

1. Nf3 g6 2. g3 Bg7 3. d4 d6 4. Bg2 Nd7 5. O-O e5 6. dxe5 dxe5 7. Nc3 Ne7 8. a4
O-O 9. Nd2 Nc5 10. Nc4 c6 11. b4 Ne6 12. Ba3 f5 13. b5 c5 14. e4 f4 15. Qxd8
Rxd8 16. Rad1 b6 17. Rxd8+ Nxd8 18. Nd5 Nxd5 19. exd5 Bf5 20. d6 Rb8 21. Re1
fxg3 22. hxg3 Nf7 23. Bd5 Kf8 24. a5 bxa5 25. Bc6 Bxc2 26. Bxc5 Bd3 27. d7+ Kg8
28. Bxa7 Rd8 29. Nxa5 Nd6 30. Bb6 Bf6 31. Bxd8 Bxd8 32. Rxe5 Bxa5 33. Rd5 1-0

[Event "EOC-ch-Final 2021"]
[Site "Online"]
[Date "2021.03.30"]
[Round "5.14"]
[White "Abasov, Nijat"]
[Black "Kamsky, Gata"]
[Result "1/2-1/2"]
[WhiteElo "2664"]
[BlackElo "2665"]
[PlyCount "106"]
[EventDate "2021.03.30"]
[EventType "team-tourn"]
[EventCountry "NET"]
[SourceTitle "playchess.com"]
[Source "ChessBase"]
[SourceQuality "1"]

1. e4 g6 2. d4 Bg7 3. Nc3 d6 4. Be3 a6 5. a4 b6 6. Nf3 e6 7. Qd2 Bb7 8. Bd3 Nd7
9. h3 Qe7 10. O-O Ngf6 11. Bh6 O-O 12. Rfe1 e5 13. Bc4 Kh8 14. Rad1 Rae8 15.
Bg5 exd4 16. Nxd4 Qd8 17. Nd5 Qc8 18. Qf4 Nxd5 19. exd5 Rxe1+ 20. Rxe1 Re8 21.
Nf3 Rxe1+ 22. Nxe1 Qe8 23. Nd3 Kg8 24. Qf3 Ne5 25. Nxe5 Qxe5 26. Bd8 Qxb2 27.
Qe4 Be5 28. Bf1 Qd4 29. Qxd4 Bxd4 30. Bxc7 Bc5 31. Bd8 Kg7 32. Bg5 a5 33. c4
Bc8 34. Bd3 Bd7 35. Bc2 f6 36. Bd2 Bd4 37. Kf1 Kf7 38. Ke2 h5 39. Be3 Bxe3 40.
Kxe3 h4 41. Kf4 g5+ 42. Ke3 Kg7 43. f3 Kh6 44. Kd4 f5 45. Ke3 f4+ 46. Kd4 Kg7
47. Kc3 Kf6 48. Kd4 Be8 49. Bd1 Bg6 50. Bb3 Bf5 51. Bd1 Bg6 52. Bb3 Bf5 53. Bd1
Bg6 1/2-1/2

[Event "EOC-ch-Final 2021"]
[Site "Online"]
[Date "2021.03.30"]
[Round "5.15"]
[White "Timofeev, Artyom"]
[Black "Durarbayli, Vasif"]
[Result "1/2-1/2"]
[WhiteElo "2594"]
[BlackElo "2606"]
[PlyCount "95"]
[EventDate "2021.03.30"]
[EventType "team-tourn"]
[EventCountry "NET"]
[SourceTitle "playchess.com"]
[Source "ChessBase"]
[SourceQuality "1"]

1. e4 c5 2. Nc3 d6 3. g3 Nc6 4. Bg2 g6 5. Nf3 Bg7 6. O-O e5 7. d3 Nge7 8. Be3
O-O 9. Nd2 Rb8 10. f4 exf4 11. Bxf4 b5 12. Rb1 Ne5 13. Nf3 Bg4 14. Qd2 Nxf3+
15. Bxf3 Bxf3 16. Rxf3 b4 17. Ne2 Nc6 18. Kg2 Rb7 19. c4 f5 20. Rbf1 Rbf7 21.
b3 Qd7 22. h3 a5 23. exf5 Rxf5 24. g4 R5f7 25. Bg3 Rxf3 26. Rxf3 Rxf3 27. Kxf3
d5 28. Qe3 Bd4 29. Nxd4 Nxd4+ 30. Kg2 dxc4 31. dxc4 Qc6+ 32. Kf2 a4 33. Be5
axb3 34. axb3 Ne6 35. Qf3 Qd7 36. Qd5 Qe7 37. Kg3 Kf7 38. h4 Ke8 39. g5 Qd7 40.
Qxd7+ Kxd7 41. Bf6 Kd6 42. Kf3 Nf8 43. Ke4 Nd7 44. Bg7 Ke6 45. Kf4 Kd6 46. Ke4
Ke6 47. Kf4 Kd6 48. Ke4 1/2-1/2

[Event "EOC-ch-Final 2021"]
[Site "Online"]
[Date "2021.03.30"]
[Round "5.16"]
[White "Safarli, Eltaj"]
[Black "Sharafiev, Azat"]
[Result "1/2-1/2"]
[WhiteElo "2598"]
[BlackElo "2432"]
[PlyCount "54"]
[EventDate "2021.03.30"]
[EventType "team-tourn"]
[EventCountry "NET"]
[SourceTitle "playchess.com"]
[Source "ChessBase"]
[SourceQuality "1"]

1. e4 c5 2. Nc3 Nc6 3. Bb5 Nd4 4. Nf3 a6 5. Bd3 Nc6 6. O-O d6 7. Bc4 Nf6 8. d4
cxd4 9. Nxd4 e6 10. Re1 Be7 11. Nxc6 bxc6 12. e5 dxe5 13. Qxd8+ Bxd8 14. Rxe5
O-O 15. Re1 Nd5 16. Ne4 a5 17. Be3 Nxe3 18. Rxe3 Bb6 19. Rd3 Rd8 20. Rxd8+ Bxd8
21. Rd1 Bc7 22. Nd6 Kf8 23. Be2 Ke7 24. Nxc8+ Rxc8 25. Bf3 Be5 26. b3 c5 27.
Bb7 Rc7 1/2-1/2

[Event "EOC-ch-Final 2021"]
[Site "Online"]
[Date "2021.03.30"]
[Round "5.17"]
[White "Adams, Michael"]
[Black "Vidit, Santosh Gujrathi"]
[Result "1/2-1/2"]
[WhiteElo "2716"]
[BlackElo "2726"]
[PlyCount "171"]
[EventDate "2021.03.30"]
[EventType "team-tourn"]
[EventCountry "NET"]
[SourceTitle "playchess.com"]
[Source "ChessBase"]
[SourceQuality "1"]

1. e4 c5 2. Nf3 e6 3. g3 d5 4. exd5 exd5 5. d4 Nc6 6. Bg2 cxd4 7. Nxd4 Bc5 8.
Nb3 Qe7+ 9. Qe2 Bb6 10. Nc3 Nb4 11. Qxe7+ Nxe7 12. O-O Nxc2 13. Rb1 Bf5 14. Bf4
Rd8 15. Rbd1 Be6 16. Na4 Ng6 17. Bg5 f6 18. Nxb6 axb6 19. Rd2 Bf5 20. Be3 Nxe3
21. fxe3 Be4 22. Rc1 O-O 23. Rc7 Bxg2 24. Kxg2 Rf7 25. Rdc2 Ne5 26. Rc8 Rfd7
27. Nd4 Rxc8 28. Rxc8+ Kf7 29. b3 Ng4 30. Rc3 g6 31. h3 Ne5 32. Rc8 h5 33. Kf2
Nd3+ 34. Ke2 Nc5 35. Kf3 Ne6 36. Nb5 Ng5+ 37. Kg2 Re7 38. h4 Ne4 39. Rd8 Nc5
40. Kf3 Rd7 41. Rxd7+ Nxd7 42. Nc7 Ke7 43. Nxd5+ Kd6 44. Nf4 Ne5+ 45. Ke4 b5
46. Kd4 Nc6+ 47. Kc3 Ne5 48. Kb4 Kc6 49. e4 g5 50. Nxh5 gxh4 51. gxh4 Ng6 52.
Nxf6 Nxh4 53. Nd5 Nf3 54. Kc3 Kc5 55. Nf4 Kd6 56. Nd3 b6 57. Nb4 Ke5 58. Kd3
Ne1+ 59. Ke3 Ng2+ 60. Kd3 Ne1+ 61. Kd2 Ng2 62. Nd5 Kxe4 63. Nxb6 Kd4 64. Nc8
Nf4 65. Ne7 Ne6 66. Nf5+ Ke5 67. Ne3 Kd4 68. Nc2+ Kc5 69. Kc3 Nf4 70. Ne3 Ne2+
71. Kd2 Nf4 72. Kc2 Ne6 73. Kc3 b4+ 74. Kd3 Nf4+ 75. Kd2 Kd4 76. Nc2+ Kc5 77.
Ne3 Kd4 78. Nc2+ Kc5 79. Ne1 Kd4 80. Nf3+ Ke4 81. Ng1 Nd5 82. Ne2 Ne7 83. Nc1
Nd5 84. Nd3 Kd4 85. Ne1 Nf4 86. Nc2+ 1/2-1/2

[Event "EOC-ch-Final 2021"]
[Site "Online"]
[Date "2021.03.30"]
[Round "5.18"]
[White "Wojtaszek, Radoslaw"]
[Black "Howell, David W L"]
[Result "1/2-1/2"]
[WhiteElo "2705"]
[BlackElo "2658"]
[PlyCount "63"]
[EventDate "2021.03.30"]
[EventType "team-tourn"]
[EventCountry "NET"]
[SourceTitle "playchess.com"]
[Source "ChessBase"]
[SourceQuality "1"]

1. d4 Nf6 2. c4 e6 3. Nf3 d5 4. Nc3 Nbd7 5. cxd5 exd5 6. Bg5 Be7 7. e3 O-O 8.
Bd3 Re8 9. O-O c6 10. Qc2 Nf8 11. h3 Ng6 12. Rae1 Ne4 13. Bxe7 Qxe7 14. Bxe4
dxe4 15. Nd2 f5 16. f3 exf3 17. Nxf3 Be6 18. e4 fxe4 19. Rxe4 Rad8 20. Qe2 h6
21. Re1 Nf8 22. Qe3 Qd6 23. Ne5 Re7 24. Nd3 Rf7 25. Rxe6 Nxe6 26. Qxe6 Qxd4+
27. Re3 Rd6 28. Qe8+ Rf8 29. Qe7 Rf7 30. Qe8+ Rf8 31. Qe7 Rf7 32. Qe8+ 1/2-1/2

[Event "EOC-ch-Final 2021"]
[Site "Online"]
[Date "2021.03.30"]
[Round "5.19"]
[White "McShane, Luke J"]
[Black "Navara, David"]
[Result "1-0"]
[WhiteElo "2674"]
[BlackElo "2697"]
[PlyCount "133"]
[EventDate "2021.03.30"]
[EventType "team-tourn"]
[EventCountry "NET"]
[SourceTitle "playchess.com"]
[Source "ChessBase"]
[SourceQuality "1"]

1. e4 c5 2. Nf3 d6 3. Bb5+ Nd7 4. d4 cxd4 5. Qxd4 a6 6. Bxd7+ Bxd7 7. Nc3 Rc8
8. O-O e5 9. Qd3 h6 10. Nd2 Qc7 11. Rd1 Bg4 12. Re1 Ne7 13. Nf1 Be6 14. Ne3 g6
15. Rd1 f5 16. Qxd6 Qxd6 17. Rxd6 Kf7 18. Rb6 Rc7 19. Ned5 Bxd5 20. exd5 Rd7
21. Be3 Nc8 22. Rb3 b5 23. a4 b4 24. Na2 a5 25. c3 f4 26. Bd2 Rxd5 27. Be1 Rd3
28. Kf1 Be7 29. Ke2 Rhd8 30. Nc1 Rd1 31. cxb4 axb4 32. Bxb4 e4 33. Bc3 g5 34.
h3 h5 35. Rb5 g4 36. hxg4 hxg4 37. Rf5+ Kg6 38. Rxf4 Bg5 39. Rxg4 Kf5 40. Rxg5+
Kxg5 41. Nb3 Rxa1 42. Nxa1 Nb6 43. a5 Nd5 44. Bd2+ Nf4+ 45. Bxf4+ Kxf4 46. Nc2
Rc8 47. Kd2 Rd8+ 48. Ke2 Rc8 49. Ne3 Rb8 50. b4 Ke5 51. Nc2 Kd5 52. g4 Kc4 53.
Ke3 Kc3 54. Nd4 Rxb4 55. Nc6 Rc4 56. Ne5 Ra4 57. g5 Rxa5 58. Kxe4 Ra4+ 59. Kf5
Kd4 60. g6 Ra8 61. f4 Ke3 62. Ng4+ Kf3 63. Kg5 Ra4 64. g7 Rxf4 65. Ne5+ Ke4 66.
Ng6 Rf5+ 67. Kh6 1-0

[Event "EOC-ch-Final 2021"]
[Site "Online"]
[Date "2021.03.30"]
[Round "5.20"]
[White "Sasikiran, Krishnan"]
[Black "Jones, Gawain C B"]
[Result "0-1"]
[WhiteElo "2647"]
[BlackElo "2670"]
[PlyCount "204"]
[EventDate "2021.03.30"]
[EventType "team-tourn"]
[EventCountry "NET"]
[SourceTitle "playchess.com"]
[Source "ChessBase"]
[SourceQuality "1"]

1. d4 Nf6 2. Nf3 g6 3. Bg5 Bg7 4. Nbd2 O-O 5. e3 d6 6. Bd3 h6 7. Bh4 Qe8 8. c3
e5 9. dxe5 dxe5 10. e4 Nh5 11. O-O Nf4 12. Bc4 Nc6 13. Re1 Be6 14. Qc2 g5 15.
Bg3 Rd8 16. Bf1 Qd7 17. Red1 Qe7 18. Nc4 Bg4 19. Ne3 Bxf3 20. gxf3 Qe6 21. Qb3
Qxb3 22. axb3 Rxd1 23. Rxd1 Rd8 24. Rxd8+ Nxd8 25. Bxf4 exf4 26. Nd5 Be5 27.
Nb4 Bd6 28. Nd3 Nc6 29. Bh3 Kg7 30. b4 Kf6 31. Bd7 Ne5 32. Nxe5 Bxe5 33. Kf1
Ke7 34. Bc8 b6 35. Ke2 Kd6 36. Kd3 c6 37. Bf5 Bf6 38. Bc8 b5 39. Bf5 Bd8 40.
Ke2 Bb6 41. Bc8 c5 42. bxc5+ Kxc5 43. Kd3 a5 44. Bd7 f6 45. Be8 b4 46. h3 bxc3
47. bxc3 Kd6 48. Ke2 Kc5 49. Kd3 Kd6 50. Ke2 Bc5 51. Ba4 Ke6 52. Be8 f5 53.
exf5+ Kxf5 54. Bd7+ Ke5 55. Be8 Bb6 56. Ba4 Kd5 57. Bb3+ Kc5 58. Kd3 Kb5 59.
Bf7 a4 60. Be8+ Ka5 61. Kc4 Bxf2 62. Bd7 Bg1 63. Be8 Be3 64. Bd7 a3 65. Kb3 Bc5
66. Be8 Kb6 67. Bh5 Kc7 68. Bf7 Kd6 69. Bh5 Kd5 70. Bf7+ Ke5 71. Bh5 Be7 72.
Be8 Kd5 73. Bf7+ Kc6 74. Be8+ Kc5 75. Bf7 Bf6 76. Kxa3 Bxc3 77. Kb3 Ba5 78. Kc2
Kd4 79. Bh5 Ke3 80. Bg4 Kf2 81. Kd3 Kg3 82. Ke4 Kh4 83. Kd5 h5 84. Bc8 Kg3 85.
Ke4 Bd8 86. Bd7 Be7 87. Bc8 g4 88. fxg4 h4 89. g5 Bxg5 90. Bg4 Bh6 91. Be2 Kg2
92. Bg4 Kg3 93. Be2 Bf8 94. Bg4 Bd6 95. Be2 Kxh3 96. Kf3 Kh2 97. Bc4 Kg1 98.
Be6 Bc7 99. Bd7 Bb8 100. Bc8 Bc7 101. Bd7 h3 102. Bc8 h2 0-1

[Event "EOC-ch-Final 2021"]
[Site "Online"]
[Date "2021.03.30"]
[Round "6.1"]
[White "Duda, Jan-Krzysztof"]
[Black "Vidit, Santosh Gujrathi"]
[Result "1/2-1/2"]
[WhiteElo "2743"]
[BlackElo "2726"]
[PlyCount "150"]
[EventDate "2021.03.30"]
[EventType "team-tourn"]
[EventCountry "NET"]
[SourceTitle "playchess.com"]
[Source "ChessBase"]
[SourceQuality "1"]

1. d4 Nf6 2. c4 e6 3. Nf3 d5 4. Nc3 c5 5. cxd5 cxd4 6. Qxd4 exd5 7. Bg5 Be7 8.
e3 O-O 9. Bd3 h6 10. Bh4 Nc6 11. Qa4 Be6 12. O-O Qb6 13. Qb5 Qxb5 14. Nxb5 g5
15. Bg3 Ne4 16. Rfd1 Nxg3 17. hxg3 Bf6 18. Rab1 Rfd8 19. Nbd4 Nxd4 20. Nxd4
Rac8 21. Be2 Kf8 22. Rd2 Ke7 23. Rbd1 Bxd4 24. Rxd4 Rc2 25. Bf3 Rxb2 26. a3 Ra2
27. Ra4 a6 28. Rb1 Rd7 29. g4 Rc7 30. Ra5 Rac2 31. Rb6 Rd2 32. Rb4 Kf6 33. Rb6
Kg7 34. Ra4 Bd7 35. Rab4 Rc1+ 36. Kh2 Bc6 37. Kg3 Rc3 38. a4 Ra3 39. Rxb7 Bxb7
40. Rxb7 Rxa4 41. Rd7 d4 42. Bd5 dxe3 43. fxe3 Ra3 44. Kf3 Rdd3 45. Ke4 Rxe3+
46. Kf5 Ra5 47. Rxf7+ Kg8 48. Rd7+ Kf8 49. Kf6 Re1 50. Be6 Rxe6+ 51. Kxe6 Ra4
52. Rf7+ Kg8 53. Ra7 Rxg4 54. Kf6 Rf4+ 55. Kg6 Kf8 56. Rxa6 Rg4 57. Ra2 Rh4 58.
Rf2+ Ke7 59. Re2+ Kd6 60. g3 Rh3 61. Re3 Kd5 62. Kf5 Kd4 63. Ra3 Rh1 64. Kg4
Ke4 65. Ra6 Ke5 66. Rb6 Rh2 67. Rb1 Kf6 68. Rb6+ Kg7 69. Re6 Kf7 70. Rb6 Rh1
71. Ra6 Kg7 72. Ra7+ Kg6 73. Ra6+ Kg7 74. Ra7+ Kg6 75. Ra6+ Kg7 1/2-1/2

[Event "EOC-ch-Final 2021"]
[Site "Online"]
[Date "2021.03.30"]
[Round "6.2"]
[White "Wojtaszek, Radoslaw"]
[Black "Moranda, Wojciech"]
[Result "1/2-1/2"]
[WhiteElo "2705"]
[BlackElo "2618"]
[PlyCount "98"]
[EventDate "2021.03.30"]
[EventType "team-tourn"]
[EventCountry "NET"]
[SourceTitle "playchess.com"]
[Source "ChessBase"]
[SourceQuality "1"]

1. d4 Nf6 2. c4 e6 3. Nf3 d5 4. Nc3 c6 5. e3 a6 6. b3 Bb4 7. Bd2 Nbd7 8. Bd3
O-O 9. O-O Qe7 10. Ne2 Bxd2 11. Qxd2 e5 12. dxe5 Nxe5 13. Nxe5 Qxe5 14. cxd5
Qxd5 15. Qc2 Qe5 16. h3 Bd7 17. e4 g5 18. Rae1 Kh8 19. Qc3 Rae8 20. Qxe5 Rxe5
21. f3 c5 22. Kf2 Be6 23. Bc4 b5 24. Bxe6 fxe6 25. Kg1 h5 26. Nc3 Rc8 27. g3 h4
28. f4 gxf4 29. Rxf4 Kg7 30. Ref1 b4 31. Na4 Rf8 32. Rxh4 Rg5 33. Rhf4 Rxg3+
34. Kh2 Rg5 35. Nb6 Nh7 36. h4 Rxf4 37. Rxf4 Rh5 38. Nd7 e5 39. Rg4+ Kf7 40.
Nxc5 Nf6 41. Rg5 Rxh4+ 42. Kg3 Rxe4 43. Rf5 Re2 44. Nd7 Ke6 45. Rxf6+ Kxd7 46.
Rxa6 Rc2 47. Kf3 Kc7 48. Ke4 Rc5 49. Ra8 Kb7 1/2-1/2

[Event "EOC-ch-Final 2021"]
[Site "Online"]
[Date "2021.03.30"]
[Round "6.3"]
[White "Socko, Bartosz"]
[Black "Navara, David"]
[Result "1/2-1/2"]
[WhiteElo "2618"]
[BlackElo "2697"]
[PlyCount "104"]
[EventDate "2021.03.30"]
[EventType "team-tourn"]
[EventCountry "NET"]
[SourceTitle "playchess.com"]
[Source "ChessBase"]
[SourceQuality "1"]

1. d4 Nf6 2. c4 e6 3. Nf3 b6 4. g3 Ba6 5. Nbd2 d5 6. cxd5 exd5 7. Bg2 Be7 8.
O-O O-O 9. Re1 Re8 10. Ne5 c5 11. e4 Bb7 12. exd5 Bxd5 13. dxc5 Bxc5 14. Nb3
Bb4 15. Bd2 Bxg2 16. Kxg2 Na6 17. Nc6 Qd5+ 18. Qf3 Bxd2 19. Qxd5 Nxd5 20. Nxd2
Nab4 21. Nxb4 Nxb4 22. Nc4 g6 23. a3 Nc6 24. Rxe8+ Rxe8 25. Rd1 Kf8 26. Rd6 Rc8
27. Rd7 Nb8 28. Nd6 Nxd7 29. Nxc8 a6 30. Kf3 Ne5+ 31. Ke4 Nc4 32. b3 Nxa3 33.
Nxb6 Ke7 34. Kd5 Kf6 35. Nd7+ Kf5 36. Nc5 Kg4 37. Nxa6 Kh3 38. Nc5 Kxh2 39. Ke5
Kg2 40. Nd3 Kf3 41. Kf6 h5 42. Ne5+ Kxf2 43. Nxf7 Kxg3 44. Kxg6 h4 45. Ng5 Kg4
46. b4 Nb5 47. Ne4 Kf4 48. Ng5 Nd6 49. Kh5 Kg3 50. b5 Nxb5 51. Ne4+ Kf4 52.
Kxh4 Kxe4 1/2-1/2

[Event "EOC-ch-Final 2021"]
[Site "Online"]
[Date "2021.03.30"]
[Round "6.4"]
[White "Ragger, Markus"]
[Black "Tomczak, Jacek"]
[Result "0-1"]
[WhiteElo "2680"]
[BlackElo "2610"]
[PlyCount "142"]
[EventDate "2021.03.30"]
[EventType "team-tourn"]
[EventCountry "NET"]
[SourceTitle "playchess.com"]
[Source "ChessBase"]
[SourceQuality "1"]

1. e4 e6 2. d4 d5 3. Nd2 Be7 4. Ngf3 Nf6 5. Bd3 c5 6. e5 Nfd7 7. c3 Nc6 8. O-O
h5 9. Re1 cxd4 10. cxd4 g5 11. Nb3 g4 12. Nfd2 Nb4 13. Bb1 a5 14. a3 Nc6 15. a4
Bb4 16. Re2 b6 17. Nf1 Ba6 18. Bd3 Bxd3 19. Qxd3 Rc8 20. Rc2 Be7 21. Bd2 Nb4
22. Bxb4 Bxb4 23. Rxc8 Qxc8 24. Rc1 Qd8 25. Na1 Kf8 26. Nc2 Be7 27. Na3 Bxa3
28. Qxa3+ Kg7 29. Qg3 Nf8 30. h3 Ng6 31. hxg4 Qg5 32. Qe3 Qxg4 33. Nh2 Qf5 34.
Qf3 Nf4 35. g3 Nd3 36. Qxf5 exf5 37. Rc2 h4 38. b3 hxg3 39. fxg3 f4 40. Rc3
fxg3 41. Nf1 Nf4 42. Nxg3 Kg6 43. Kf2 Kg5 44. Kf3 Ne6 45. Rd3 Rh4 46. Ke3 Rh3
47. Kd2 Rh2+ 48. Kc3 Nf4 49. Re3 Rg2 50. Nf1 Ne2+ 51. Kd2 Nxd4+ 52. Kd3 Nxb3
53. Rf3 Rg4 54. Rxf7 Nc5+ 55. Kc2 Rxa4 56. Nd2 Ra2+ 57. Kd1 Kg4 58. Nf3 Rf2 59.
e6 Nxe6 60. Ne5+ Kg3 61. Rd7 Rf5 62. Nd3 Kf3 63. Rd6 Ke3 64. Ne1 Nd4 65. Rxb6
Rf2 66. Rb8 Rd2+ 67. Kc1 Ne2+ 68. Kb1 Rd1+ 69. Kb2 Rxe1 70. Rb5 d4 71. Rxa5 d3
0-1

[Event "EOC-ch-Final 2021"]
[Site "Online"]
[Date "2021.03.30"]
[Round "6.5"]
[White "Mamedyarov, Shakhriyar"]
[Black "Adams, Michael"]
[Result "1-0"]
[WhiteElo "2770"]
[BlackElo "2716"]
[PlyCount "55"]
[EventDate "2021.03.30"]
[EventType "team-tourn"]
[EventCountry "NET"]
[SourceTitle "playchess.com"]
[Source "ChessBase"]
[SourceQuality "1"]

1. e4 e5 2. Nc3 Nf6 3. d4 exd4 4. Qxd4 Nc6 5. Qd3 Bc5 6. Bf4 d6 7. Qd2 O-O 8.
O-O-O Be6 9. f3 Nd7 10. h4 Nce5 11. Nh3 a6 12. Be3 b5 13. Nf4 Bxe3 14. Qxe3 Nb6
15. b3 b4 16. Ncd5 c5 17. Nxb6 Qxb6 18. Nxe6 fxe6 19. f4 Ng4 20. Qf3 Ne5 21.
Qh3 Rxf4 22. Qxe6+ Nf7 23. e5 Kh8 24. Bc4 Rd8 25. Rhe1 h6 26. Qg6 Qc7 27. Bd3
Kg8 28. e6 1-0

[Event "EOC-ch-Final 2021"]
[Site "Online"]
[Date "2021.03.30"]
[Round "6.6"]
[White "Howell, David W L"]
[Black "Abasov, Nijat"]
[Result "1/2-1/2"]
[WhiteElo "2658"]
[BlackElo "2664"]
[PlyCount "67"]
[EventDate "2021.03.30"]
[EventType "team-tourn"]
[EventCountry "NET"]
[SourceTitle "playchess.com"]
[Source "ChessBase"]
[SourceQuality "1"]

1. Nf3 c5 2. c4 Nc6 3. d4 cxd4 4. Nxd4 Nf6 5. Nc3 e6 6. Bf4 d5 7. e3 Bb4 8. Be2
O-O 9. O-O Qe7 10. cxd5 exd5 11. Rc1 Rd8 12. Ncb5 Bd7 13. a3 Nxd4 14. Nxd4 Bc5
15. Bf3 h6 16. h3 Rac8 17. Qb3 Bxd4 18. exd4 Bf5 19. Be5 Ne4 20. Rxc8 Rxc8 21.
Qxd5 Rd8 22. Qa5 b6 23. Qe1 Ng5 24. Be2 f6 25. Bg3 Rxd4 26. Qc3 Rd8 27. Re1 Kh7
28. Bf1 Qd7 29. f3 Rc8 30. Qe3 Rc2 31. Re2 Qd1 32. Rxc2 Qxc2 33. Qf2 Qb1 34.
Kh2 1/2-1/2

[Event "EOC-ch-Final 2021"]
[Site "Online"]
[Date "2021.03.30"]
[Round "6.7"]
[White "Durarbayli, Vasif"]
[Black "McShane, Luke J"]
[Result "1-0"]
[WhiteElo "2606"]
[BlackElo "2674"]
[PlyCount "65"]
[EventDate "2021.03.30"]
[EventType "team-tourn"]
[EventCountry "NET"]
[SourceTitle "playchess.com"]
[Source "ChessBase"]
[SourceQuality "1"]

1. e4 e5 2. Nc3 Nf6 3. d4 exd4 4. Qxd4 Nc6 5. Qd3 g6 6. Bg5 h6 7. Bh4 g5 8. Bg3
d6 9. O-O-O Be6 10. Nf3 Nd7 11. h4 g4 12. Nd4 Bg7 13. Nxe6 fxe6 14. Be2 h5 15.
Kb1 Nde5 16. Qd2 Bh6 17. Qe1 Qf6 18. f3 gxf3 19. gxf3 O-O-O 20. Rf1 Bf4 21. Bf2
a6 22. a3 Rhg8 23. Na2 Rg2 24. Nb4 Rdg8 25. Qc3 R8g6 26. Qb3 Bg3 27. Bxg3 R6xg3
28. Nxc6 Nxc6 29. Bc4 Nd4 30. Qa4 e5 31. Rxd4 b5 32. Qxa6+ Kd8 33. Bxb5 1-0

[Event "EOC-ch-Final 2021"]
[Site "Online"]
[Date "2021.03.30"]
[Round "6.8"]
[White "Cheparinov, Ivan"]
[Black "Safarli, Eltaj"]
[Result "1/2-1/2"]
[WhiteElo "2667"]
[BlackElo "2598"]
[PlyCount "67"]
[EventDate "2021.03.30"]
[EventType "team-tourn"]
[EventCountry "NET"]
[SourceTitle "playchess.com"]
[Source "ChessBase"]
[SourceQuality "1"]

1. d4 Nf6 2. c4 e6 3. Nf3 d5 4. g3 Be7 5. Bg2 O-O 6. O-O dxc4 7. Qc2 a6 8. a4
Nc6 9. Qxc4 Na5 10. Qc2 b6 11. Ne5 Bb7 12. Bxb7 Nxb7 13. Nc6 Qe8 14. Rd1 Bc5
15. Ne5 Bd6 16. Bg5 Nd5 17. Nc4 Nb4 18. Qe4 Na5 19. Nxa5 bxa5 20. Nd2 f5 21.
Qf3 Nc2 22. Rac1 Nxd4 23. Qd3 e5 24. Be3 c5 25. Nc4 Bc7 26. Bxd4 cxd4 27. e3
Rd8 28. Qb3 Qf7 29. exd4 exd4 30. Nd2 Qxb3 31. Nxb3 Bb6 32. Rc6 Rf6 33. Rxf6
gxf6 34. Kg2 1/2-1/2